000 01074nam a22003017a 4500
001 BR2018001477
003 BR-BrBNA
005 20230928105309.0
007 ta
008 230509b bl.||||| |||| 00| 0 por d
040 _aBR-BrBNA
_bpor
_cBiblioteca Nacional de Agricultura
041 _a(Por)
072 _aL02; L51
_b5214
090 _ 5214 BR2018001477
100 1 _aSilva, C.R. da M. e
110 1 _aUniversidade Federal de Minas Gerais, Belo Horizonte (Brasil). Escola de Veterinária
_0Tese (Mestre em Zootecnia)
245 1 _aEstimativa de consumo e digestibilidade em novilhas leiteiras, alimentadas com dietas contendo diferentes níveis de inclusão de glicerina bruta, e avaliação de indicadores
260 3 _aBelo Horizonte, MG (Brasil):
_c2015 .
300 _a49 p.
500 _aSummaries (Eng, Por); Bibliography p. 41-49; 14 tables; 10 illus.
650 _aGADO LEITEIRO
650 _aNOVILHO
650 _aCONSUMO ALIMENTAR
650 _aDIGESTIBILIDADE
650 _aGLICERINA
909 _a202309
_bLucia
_c55
_dLucia Elande
942 _cBK
999 _c84537
_d84537